Estados de la Confederación Germánica - Estadísticas

Estadísticas generales
  • Esta prueba ha sido intentada 11 veces
  • La puntuación promedio es 18 de 41
Estadísticas de respuestas
Tipo de Estado Nombre % Correcto
Baviera
100%
Reino Prusia
89%
Sajonia
89%
Sajonia-Hildburghausen(hasta 1826)
89%
Sajonia-Lauenburg(Reino de Dinamarca)
89%
Imperio Austria
78%
Hamburgo
78%
Hesse-Darmstadt
78%
Landgraviato Hesse-Homburg(1817-1866)
78%
Electorado Hesse-Kassel
78%
Luxemburgo(Reino de los Países Bajos)
78%
Gran Ducado Baden
56%
Ciudad Hanseática Libre Bremen
56%
Hanóver
56%
Holstein(Reino de Dinamarca)
56%
Mecklemburgo-Schwerin
56%
Mecklemburgo-Strelitz
56%
Liechtenstein
44%
Oldemburgo
44%
Wurtemberg
44%
Lübeck
33%
Nassau
33%
Sajonia-Coburgo-Gotha(desde 1826)
33%
Sajonia-Weimar-Eisenach
33%
Waldeck-Pyrmont
33%
Ducado Brunswick
22%
Principado Hohenzollern-Hechingen(hasta 1850)
22%
Hohenzollern-Sigmaringen(hasta 1850)
22%
Lippe
22%
Reuss-Gera
22%
Reuss-Greiz
22%
Anhalt-Bernburg(hasta 1863)
11%
Anhalt-Dessau
11%
Anhalt-Köthen(hasta 1853)
11%
Ciudad Libre Fráncfort
11%
Limburgo(Reino de los Países Bajos)
11%
Sajonia-Altenburgo(desde 1826)
11%
Sajonia-Meiningen
11%
Schaumburg-Lippe
11%
Schwarzburgo-Rudolstadt
0%
Schwarzburgo-Sondershausen
0%
No se encontraron pruebas coincidentes
Distribución de puntuación
Porcentaje de gente con cada puntuación
Porcentaje por número respondido
Historial de tus puntuaciones
No has intentado esta prueba.